| 000 | 00599cam a22002174a 4500 | ||
|---|---|---|---|
| 001 | 15377353 | ||
| 005 | 20260428133856.0 | ||
| 008 | 080722s2009 nyua 001 0 eng | ||
| 020 |
_a9780716771593 _qpaper |
||
| 050 | 0 | 0 |
_aHB172 _b.K775 |
| 082 | 0 | 0 |
_a338.5 _222 |
| 100 | 1 | _aKrugman, Paul R. | |
| 245 | 1 | 0 |
_aMicroeconomics / _cPaul Krugman, Robin Wells. |
| 250 | _a3rd ed. | ||
| 260 |
_aNew York, NY : _bWorth Publishers, _cc2013 |
||
| 300 |
_axxxi,591p, _bill, col _c28 cm. |
||
| 500 | _aIncludes index. | ||
| 650 | 0 | _aMicroeconomics. | |
| 700 | 1 | _aWells, Robin. | |
| 942 |
_2lcc _cBK _e3rd edi _n0 |
||
| 999 |
_c9701 _d9701 |
||